000 00462nam a2200181Ia 4500
001 23082
003 IN-NITTTR
005 20251114233259.0
008 251113s9999||||xx |||||||||||||| ||eng||
040 _beng
040 _cIN-NITTTR
041 _aeng
082 _a005.75 C34O
100 _aChorafas, Dimitris N.
245 0 _aObject- oriented databases. /
_cChorafas, Dimitris N., Steinmann, Heinrich
700 _a Steinmann, Heinrich
942 _2ddc
_cBK
999 _c25711
_d25711